000 01023nam a2200229Ia 4500
003 Ost
005 20260507075015.0
008 260507s9999||||xx |||||||||||||| ||und||
020 _a3404029957
040 _cfsecg
041 _aara
082 _a310
100 _aعوض، منصور
_eمؤلف
245 0 _aمقدمة في الإحصاء /
_c منصور عوض
260 _aعمان:
_bدار صفاء,
_c2002
300 _a311 صفحة؛
_bإيضاحات ؛
_c24 سم
520 _aجمع البيانات وعرضها-مقاييس النزعة المركزية-مقاييس التشتت-العزوم والتفرطح-التوزيع الطبيعي- نظرية الإحتمالات-الإرتباط والإنحدار-السلاسل الزمنية-الأرقام القياسية-الإحصاءات الحيوية
653 _aالإحتمالات
653 _aالإحصاء - المعاملات الإرتباطية
700 _aعزام، صبري وآخرون
_eمؤلف ثانوي
942 _cكتاب
999 _c42199
_d42199